| 000 | 00581nam a2200205 a 4500 | ||
|---|---|---|---|
| 001 | 000018917 | ||
| 005 | 20200929165901.0 | ||
| 008 | 100520s1972 ve r 000 p spa d | ||
| 040 |
_aDO-SdBNP _bspa _cBNPHU |
||
| 082 |
_aVE861.44 _bN972f |
||
| 100 | 1 |
_aNunes, Jorge, _d1941- _940718 |
|
| 245 | 1 | 0 |
_aFuego sucesivo / _cJorge Nunes. |
| 260 |
_aCaracas : _bMonte Ávila, _c1972. |
||
| 300 |
_a92 p. ; _c19 cm. |
||
| 490 | 1 | _aColección Altazor | |
| 650 | 4 |
_aPoesía venezolana _94230 |
|
| 650 | 4 |
_aLiteratura venezolana _93816 |
|
| 830 | 0 |
_aColección Altazor _99759 |
|
| 049 | _aBNGR | ||
| 999 |
_c18435 _d18435 |
||